[Event "Dulles Skyline op-B"]
[Site "Dulles"]
[Date "2022.10.08"]
[Round "1"]
[White "Swaminathan, Pranav"]
[Black "He, Samuel"]
[Result "0-1"]
[WhiteElo "1695"]
[BlackElo "1642"]
[PlyCount "60"]
[EventDate "2022.10.08"]
[EventType "swiss"]
[EventRounds "6"]
[EventCountry "USA"]
[SourceTitle "CBM 210 Extra"]
[Source "ChessBase"]
[SourceDate "2022.11.30"]
[SourceVersion "1"]
[SourceVersionDate "2022.11.30"]
[SourceQuality "1"]

1. d4 Nf6 2. c4 g6 3. Nf3 Bg7 4. Nc3 d5 5. g3 0-0 6. Bg2 Bf5 7. Qb3 dxc4 8. Qxb7 Nbd7 9. 0-0 Nb6 10. e4 Bc8 11. Qc6 Bd7 12. Qc5 Rb8 13. Bf4 Ne8 14. a4 a6 15. Ra2 Nd6 16. Nd2 g5 17. Qxg5 f6 18. Qc5 e5 19. dxe5 Nb7 20. Qe3 fxe5 21. Bh6 Be6 22. Bxg7 Kxg7 23. a5 Nd7 24. Nd5 c6 25. Nb6 Nxb6 26. axb6 c3 27. Rxa6 Qxd2 28. Rb1 c2 29. Qxd2 cxb1Q+ 30. Bf1 Qxe4 0-1

[Event "PNWCC Online blitz JP 2nd"]
[Site "Chess.com INT"]
[Date "2020.03.21"]
[Round "4"]
[White "He, Samuel"]
[Black "Chin, Spencer"]
[Result "0-1"]
[WhiteElo "1519"]
[BlackElo "1724"]
[PlyCount "152"]
[EventDate "2020.03.21"]
[EventType "swiss (blitz)"]
[EventRounds "11"]
[EventCountry "USA"]
[SourceTitle "CBM 195 Extra"]
[Source "ChessBase"]
[SourceDate "2020.05.31"]
[SourceVersion "1"]
[SourceVersionDate "2020.05.31"]
[SourceQuality "1"]

1. e4 c5 2. Nf3 e6 3. d4 cxd4 4. Nxd4 a6 5. Nc3 Qc7 6. Be3 Bb4 7. Qd2 Nf6 8. f3 d5 9. Bd3 e5 10. 0-0 exd4 11. Bxd4 Bc5 12. Bxc5 Qxc5+ 13. Kh1 Be6 14. exd5 Nxd5 15. Nxd5 Qxd5 16. c4 Qd7 17. Rad1 Nc6 18. Rfe1 0-0-0 19. Qc3 Qd4 20. Qb3 Kb8 21. Bxh7 Qf4 22. Rxd8+ Nxd8 23. g3 Qh6 24. Re4 Qxh7 25. Rh4 Qb1+ 26. Kg2 Rxh4 27. gxh4 Qc1 28. Qb4 Qc2+ 29. Kg3 Qxc4 30. Qd6+ Qc7 31. Qxc7+ Kxc7 32. Kf4 g6 33. Kg5 Bf5 34. f4 Ne6+ 35. Kf6 Nxf4 36. h5 Nxh5+ 37. Kg5 Kc6 38. h4 f6+ 39. Kh6 Nf4 40. b4 Bb1 41. a4 g5 42. hxg5 fxg5 43. Kxg5 Ne6+ 44. Kf6 Nd4 45. Ke5 Nc2 46. b5+ axb5 47. axb5+ Kxb5 48. Kd5 Kb6 49. Kc4 Ne3+ 50. Kc3 Nf5 51. Kb2 Be4 52. Kc3 Bc6 53. Kb3 Nd6 54. Kb4 Nb5 55. Kb3 Ka6 56. Kb4 b6 57. Kb3 Bd5+ 58. Kb4 Bf7 59. Ka4 Na7 60. Kb4 Nc6+ 61. Ka4 b5+ 62. Ka3 b4+ 63. Kb2 Kb5 64. Kc2 b3+ 65. Kb2 Kb4 66. Ka1 Nd4 67. Kb2 Nb5 68. Ka1 Bc4 69. Kb2 Nd6 70. Ka1 Nb7 71. Kb2 Nc5 72. Ka1 Na4 73. Kb1 Bd3+ 74. Kc1 b2+ 75. Kd2 b1Q 76. Ke3 Qc2 0-1

[Event "PNWCC Online blitz JP 2nd"]
[Site "Chess.com INT"]
[Date "2020.03.21"]
[Round "1"]
[White "He, Samuel"]
[Black "Lu, Ming"]
[Result "0-1"]
[WhiteElo "1519"]
[BlackElo "2084"]
[PlyCount "112"]
[EventDate "2020.03.21"]
[EventType "swiss (blitz)"]
[EventRounds "11"]
[EventCountry "USA"]
[SourceTitle "CBM 195 Extra"]
[Source "ChessBase"]
[SourceDate "2020.05.31"]
[SourceVersion "1"]
[SourceVersionDate "2020.05.31"]
[SourceQuality "1"]

1. e4 e6 2. d4 d5 3. exd5 exd5 4. Bd3 Nc6 5. Nf3 Bg4 6. c3 Bd6 7. Be3 Nge7 8. Nbd2 Qd7 9. Qc2 0-0-0 10. 0-0-0 Bf5 11. Bxf5 Nxf5 12. Nb3 Nxe3 13. fxe3 Rde8 14. Rhe1 Qg4 15. Nc5 Bxc5 16. dxc5 Qe4 17. Qb3 Rd8 18. Re2 Na5 19. Qc2 f6 20. Nd4 Nc4 21. Qxe4 dxe4 22. b3 Ne5 23. Kc2 Nd3 24. b4 Rhe8 25. Red2 g6 26. Rxd3 exd3+ 27. Rxd3 Re5 28. Kb3 Rde8 29. Nc2 c6 30. a4 a5 31. bxa5 Rxc5 32. Kb4 Rf5 33. Nd4 c5+ 34. Kb3 cxd4 35. cxd4 Rxa5 36. Rc3+ Kd7 37. Rd3 Kd6 38. Kb4 Rd5 39. Kc4 f5 40. Kb4 Re4 41. g3 Kd7 42. Kc4 Rd6 43. Kb4 Rde6 44. Kc5 Rxe3 45. Rd2 Rc3+ 46. Kb4 Rce3 47. d5 Rd6 48. Kc4 Re4+ 49. Kc5 Rxa4 50. Rb2 Ra5+ 51. Kc4 b6 52. Rd2 Rc5+ 53. Kb4 Rcxd5 54. Rc2 Rd4+ 55. Rc4 Rxc4+ 56. Kxc4 Rd2 0-1

[Event "PNWCC Online blitz JP 2nd"]
[Site "Chess.com INT"]
[Date "2020.03.21"]
[Round "7"]
[White "He, Samuel"]
[Black "Tang, Vincent"]
[Result "0-1"]
[WhiteElo "1519"]
[BlackElo "1332"]
[PlyCount "68"]
[EventDate "2020.03.21"]
[EventType "swiss (blitz)"]
[EventRounds "11"]
[EventCountry "USA"]
[SourceTitle "CBM 195 Extra"]
[Source "ChessBase"]
[SourceDate "2020.05.31"]
[SourceVersion "1"]
[SourceVersionDate "2020.05.31"]
[SourceQuality "1"]

1. e4 e5 2. Nf3 Nc6 3. Bc4 Nf6 4. d4 exd4 5. 0-0 Nxe4 6. Re1 d5 7. Bxd5 Qxd5 8. Nc3 Qa5 9. Nxe4 Be6 10. Bd2 Qh5 11. Ng3 Qg6 12. Bg5 h6 13. Bf4 0-0-0 14. a4 Bd6 15. Bxd6 Rxd6 16. a5 a6 17. Ne4 Rdd8 18. Nc5 Bd5 19. Ra3 Rhe8 20. Kh1 Rxe1+ 21. Qxe1 Qxc2 22. Nd3 Bc4 23. Nde5 Nxe5 24. Nxe5 Re8 25. h3 f6 26. Qb4 fxe5 27. Qc5 Bd3 28. Qb4 Qd1+ 29. Kh2 Be4 30. Qa4 Qxa4 31. Rxa4 c5 32. f3 Bd5 33. Ra3 c4 34. Rd3 cxd3 0-1

[Event "PNWCC Online blitz JP 2nd"]
[Site "Chess.com INT"]
[Date "2020.03.21"]
[Round "10"]
[White "He, Samuel"]
[Black "Vega, Isaac"]
[Result "1-0"]
[WhiteElo "1519"]
[BlackElo "1735"]
[PlyCount "85"]
[EventDate "2020.03.21"]
[EventType "swiss (blitz)"]
[EventRounds "11"]
[EventCountry "USA"]
[SourceTitle "CBM 195 Extra"]
[Source "ChessBase"]
[SourceDate "2020.05.31"]
[SourceVersion "1"]
[SourceVersionDate "2020.05.31"]
[SourceQuality "1"]

1. e4 c5 2. Nf3 e6 3. d4 cxd4 4. Nxd4 a6 5. Nc3 Qc7 6. Be2 b5 7. a3 Bb7 8. Be3 Nf6 9. f3 d5 10. exd5 Bxd5 11. Qd2 Nbd7 12. 0-0 Bd6 13. f4 0-0 14. Ndxb5 axb5 15. Nxb5 Ne4 16. Nxc7 Nxd2 17. Nxa8 Nxf1 18. Bxf1 Rxa8 19. c4 Be4 20. Rc1 Bc5 21. Bxc5 Nxc5 22. b4 Nd7 23. Rc3 g6 24. c5 Bd5 25. Bb5 Nb8 26. a4 Nc6 27. Bxc6 Bxc6 28. b5 Bd5 29. c6 Rc8 30. a5 Kf8 31. b6 Bxc6 32. Rxc6 Rxc6 33. b7 Rc1+ 34. Kf2 Rb1 35. a6 Ke7 36. a7 Rxb7 37. a8Q Rb2+ 38. Kg3 Rb3+ 39. Kf2 Rb2+ 40. Ke3 Rb3+ 41. Kd2 Rb2+ 42. Kc3 Rxg2 43. Qxg2 1-0

[Event "PNWCC Online blitz JP 2nd"]
[Site "Chess.com INT"]
[Date "2020.03.21"]
[Round "5"]
[White "Li, Thomas"]
[Black "He, Samuel"]
[Result "0-1"]
[WhiteElo "1822"]
[BlackElo "1519"]
[PlyCount "44"]
[EventDate "2020.03.21"]
[EventType "swiss (blitz)"]
[EventRounds "11"]
[EventCountry "USA"]
[SourceTitle "CBM 195 Extra"]
[Source "ChessBase"]
[SourceDate "2020.05.31"]
[SourceVersion "1"]
[SourceVersionDate "2020.05.31"]
[SourceQuality "1"]

1. e4 e5 2. Nf3 Nc6 3. Bb5 a6 4. Ba4 Nf6 5. Qe2 b5 6. Bb3 Be7 7. c3 0-0 8. 0-0 Bb7 9. Rd1 Na5 10. Bc2 c5 11. d4 cxd4 12. cxd4 exd4 13. Nxd4 Nc4 14. b3 Nb6 15. Qd3 Bxe4 16. Qe2 Bxc2 17. Nxc2 Bc5 18. Bb2 Nbd5 19. Qf3 Qb6 20. Qg3 Ne7 21. Rxd7 Bxf2+ 22. Kf1 Bxg3 0-1

[Event "Titled Tuesday intern op 6th Aug"]
[Site "Chess.com INT"]
[Date "2019.08.06"]
[Round "3"]
[White "He, Samuel"]
[Black "Rosenthal, Nicholas"]
[Result "0-1"]
[WhiteElo "2441"]
[BlackElo "2120"]
[PlyCount "140"]
[EventDate "2019.08.06"]
[EventType "swiss (blitz)"]
[EventRounds "10"]
[EventCountry "USA"]
[SourceTitle "EXT 2021"]
[Source "ChessBase"]
[SourceDate "2020.10.23"]
[SourceVersion "1"]
[SourceVersionDate "2020.10.23"]
[SourceQuality "1"]

1. Nf3 d5 2. g3 c5 3. Bg2 Nc6 4. d4 Nf6 5. 0-0 Bg4 6. Ne5 Bf5 7. Nxc6 bxc6 8. c4 e6 9. Nc3 Be7 10. dxc5 Bxc5 11. Qa4 Qd7 12. Bg5 Be7 13. Rfd1 0-0 14. e4 Bg4 15. f3 Bh5 16. cxd5 exd5 17. Bxf6 Bxf6 18. Nxd5 Qd6 19. Nxf6+ Qxf6 20. Qd4 Qe7 21. Qd6 Qb7 22. b3 h6 23. Rac1 Rac8 24. g4 Bg6 25. Qc5 Kh7 26. h4 f6 27. h5 Bf7 28. Bf1 Rfd8 29. Kg2 Qc7 30. Qf5+ Kh8 31. Bd3 Bg8 32. Bb1 Qb6 33. Qf4 Qb4 34. Qe3 a5 35. Qe2 a4 36. Bc2 axb3 37. axb3 Ra8 38. Rxd8 Rxd8 39. Rd1 Ra8 40. Qd2 Qxd2+ 41. Rxd2 Ra2 42. Re2 Bxb3 43. Bd3 Rxe2+ 44. Bxe2 Kg8 45. Kf2 Kf7 46. Ke3 Ke6 47. Kd4 Kd6 48. f4 c5+ 49. Kc3 Ba2 50. Bd3 Be6 51. Be2 Bc8 52. Bf3 Bd7 53. Be2 Bc6 54. Bf3 Bb5 55. Bd1 Bf1 56. Bf3 Ke6 57. Kd2 Kd7 58. Kc3 Kd6 59. Kd2 Kc7 60. Kc3 Kb6 61. e5 fxe5 62. fxe5 Kc7 63. Be4 Be2 64. Bf5 Kc6 65. e6 Kd6 66. Kb3 Bf3 67. Kc3 Bd5 68. Bd3 Bxe6 69. Be2 Ke5 70. Kd3 Kf4 0-1

[Event "Titled Tuesday intern op 1st Jan"]
[Site "Chess.com INT"]
[Date "2019.01.01"]
[Round "1"]
[White "He, Samuel"]
[Black "Bartel, Mateusz"]
[Result "0-1"]
[WhiteElo "2417"]
[BlackElo "2608"]
[PlyCount "56"]
[EventDate "2019.01.01"]
[EventType "swiss (blitz)"]
[EventRounds "10"]
[EventCountry "USA"]
[SourceTitle "EXT 2021"]
[Source "ChessBase"]
[SourceDate "2020.10.23"]
[SourceVersion "1"]
[SourceVersionDate "2020.10.23"]
[SourceQuality "1"]

1. d4 Nf6 2. Nf3 b6 3. Bf4 Bb7 4. e3 Nh5 5. Bg5 h6 6. Bh4 g5 7. Bg3 d6 8. Nc3 Nd7 9. Bd3 e6 10. Qe2 g4 11. Nh4 Rg8 12. h3 Nxg3 13. fxg3 h5 14. 0-0-0 Qe7 15. e4 0-0-0 16. Ba6 Bg7 17. Rhe1 Bf6 18. Qb5 gxh3 19. Bxb7+ Kxb7 20. d5 Nb8 21. Nf3 hxg2 22. Nd4 Bxd4 23. Rxd4 Rxg3 24. Rg1 Qg5+ 25. Kb1 Qe3 26. Rdd1 h4 27. dxe6 fxe6 28. Rde1 Qxe1+ 0-1

[Event "Titled Tuesday intern op 6th Nov"]
[Site "Chess.com INT"]
[Date "2018.11.06"]
[Round "5"]
[White "He, Samuel"]
[Black "Erdogan, Anil Berk"]
[Result "0-1"]
[WhiteElo "2438"]
[BlackElo "2083"]
[PlyCount "84"]
[EventDate "2018.11.06"]
[EventType "swiss (blitz)"]
[EventRounds "10"]
[EventCountry "USA"]
[SourceTitle "EXT 2021"]
[Source "ChessBase"]
[SourceDate "2020.10.23"]
[SourceVersion "1"]
[SourceVersionDate "2020.10.23"]
[SourceQuality "1"]

1. e4 c5 2. b4 cxb4 3. Nf3 e6 4. a3 d5 5. e5 Nc6 6. d4 Qa5 7. Bd3 Nge7 8. g4 h5 9. Rg1 hxg4 10. Rxg4 b3+ 11. Bd2 bxc2 12. Qxc2 Qb6 13. Nc3 g6 14. Rb1 Qd8 15. Bg5 Qd7 16. Bf6 Rh3 17. Ng5 Rxh2 18. Nxf7 Nxd4 19. Nd6+ Qxd6 20. Qa4+ Qc6 21. Qxd4 Nf5 22. Bxf5 exf5 23. Rxg6 Rh1+ 24. Kd2 Rxb1 25. Nxb1 Kf7 26. Rg1 Bh6+ 27. f4 Be6 28. Rh1 Rc8 29. Nc3 Bxf4+ 30. Kd3 Qc4+ 31. Qxc4 dxc4+ 32. Ke2 Kg6 33. Rg1+ Kh5 34. Kf3 Bd2 35. Rh1+ Kg6 36. Rg1+ Kf7 37. Rg7+ Kf8 38. Nb5 c3 39. Re7 c2 40. Nd4 Bd5+ 41. Kf2 c1Q 42. Nxf5 Qe1# 0-1

[Event "Titled Tuesday intern op 6th Nov"]
[Site "Chess.com INT"]
[Date "2018.11.06"]
[Round "3"]
[White "Tashkov, Rumen"]
[Black "He, Samuel"]
[Result "0-1"]
[WhiteElo "2236"]
[BlackElo "2458"]
[PlyCount "36"]
[EventDate "2018.11.06"]
[EventType "swiss (blitz)"]
[EventRounds "10"]
[EventCountry "USA"]
[SourceTitle "EXT 2021"]
[Source "ChessBase"]
[SourceDate "2020.10.23"]
[SourceVersion "1"]
[SourceVersionDate "2020.10.23"]
[SourceQuality "1"]

1. d4 Nf6 2. c4 g6 3. Nf3 Bg7 4. g3 c5 5. Bg2 Qa5+ 6. Bd2 Qb6 7. Bc3 0-0 8. Qb3 Nc6 9. d5 Na5 10. Qxb6 axb6 11. Nbd2 b5 12. b3 bxc4 13. bxc4 d6 14. Rb1 Bf5 15. Rb5 Nxc4 16. Nxc4 Rxa2 17. Nfd2 Rc2 18. Bxf6 Rc1# 0-1

[Event "Titled Tuesday intern op 2nd Oct"]
[Site "Chess.com INT"]
[Date "2018.10.02"]
[Round "4"]
[White "Martinez Camacho, Victor Hugo"]
[Black "He, Samuel"]
[Result "0-1"]
[WhiteElo "1557"]
[BlackElo "2441"]
[PlyCount "116"]
[EventDate "2018.10.02"]
[EventType "swiss (blitz)"]
[EventRounds "10"]
[EventCountry "USA"]
[SourceTitle "EXT 2021"]
[Source "ChessBase"]
[SourceDate "2020.10.23"]
[SourceVersion "1"]
[SourceVersionDate "2020.10.23"]
[SourceQuality "1"]

1. d4 Nf6 2. c4 c5 3. Nf3 cxd4 4. Nxd4 e6 5. g3 d5 6. Bg2 e5 7. Nf3 d4 8. 0-0 Nc6 9. e3 Be7 10. exd4 exd4 11. Bf4 0-0 12. Ne5 Nxe5 13. Bxe5 Bc5 14. Nd2 Re8 15. Re1 Ng4 16. Bf4 d3 17. Rxe8+ Qxe8 18. Ne4 Bd4 19. Qxd3 Bxb2 20. Rb1 Be5 21. Ng5 g6 22. Bd5 Be6 23. Rxb7 Bxf4 24. gxf4 Bxd5 25. cxd5 Qe1+ 26. Qf1 Qd2 27. Nh3 Re8 28. Rb1 Qxd5 29. Qg2 Qf5 30. Rf1 h6 31. Qg3 Re2 32. f3 Ne3 33. Re1 Rg2+ 34. Qxg2 Nxg2 35. Kxg2 Qc2+ 36. Kg3 Qxa2 37. Re8+ Kg7 38. Re7 a5 39. Ra7 a4 40. f5 a3 41. fxg6 Kxg6 42. Nf4+ Kg7 43. Nh5+ Kf8 44. Nf6 Qe6 45. Nd7+ Kg7 46. f4 a2 47. Ne5 Qb3+ 48. Kg4 Qe6+ 49. Kg3 h5 50. h3 h4+ 51. Kxh4 Qf6+ 52. Kg4 Qe6+ 53. Kh4 Kf6 54. Kg3 Kg7 55. h4 Qb3+ 56. Kg4 Qb1 57. Rxf7+ Kg8 58. Ra7 a1Q 0-1

[Event "Titled Tuesday intern op 7th Aug"]
[Site "Chess.com INT"]
[Date "2018.08.07"]
[Round "10"]
[White "He, Samuel"]
[Black "Janaszak, Dawid"]
[Result "1-0"]
[WhiteElo "2387"]
[BlackElo "2362"]
[PlyCount "53"]
[EventDate "2018.08.07"]
[EventType "swiss (blitz)"]
[EventRounds "10"]
[EventCountry "USA"]
[SourceTitle "EXT 2021"]
[Source "ChessBase"]
[SourceDate "2020.10.23"]
[SourceVersion "1"]
[SourceVersionDate "2020.10.23"]
[SourceQuality "1"]

1. e4 c5 2. a3 g6 3. Bc4 Bg7 4. Nc3 e6 5. d3 Ne7 6. Ba2 0-0 7. h4 h5 8. g4 hxg4 9. h5 f5 10. hxg6 Nxg6 11. exf5 Nh4 12. Qxg4 Nxf5 13. Bg5 Qe8 14. 0-0-0 Nc6 15. Nf3 b5 16. Rdg1 b4 17. Ne4 Qg6 18. Qh3 bxa3 19. Bf6 Rxf6 20. Rxg6 Rxg6 21. Qh7+ Kf7 22. Nfg5+ Ke7 23. Qxg6 axb2+ 24. Kb1 Nb4 25. Rh7 Nxa2 26. Rxg7+ Nxg7 27. Qxg7+ 1-0

[Event "Titled Tuesday intern op 7th Aug"]
[Site "Chess.com INT"]
[Date "2018.08.07"]
[Round "3"]
[White "Kozelov, Roman"]
[Black "He, Samuel"]
[Result "0-1"]
[WhiteElo "2171"]
[BlackElo "2391"]
[PlyCount "116"]
[EventDate "2018.08.07"]
[EventType "swiss (blitz)"]
[EventRounds "10"]
[EventCountry "USA"]
[SourceTitle "EXT 2021"]
[Source "ChessBase"]
[SourceDate "2020.10.23"]
[SourceVersion "1"]
[SourceVersionDate "2020.10.23"]
[SourceQuality "1"]

1. e4 e5 2. Nf3 Nc6 3. d4 exd4 4. Nxd4 Nf6 5. Nxc6 bxc6 6. e5 Qe7 7. Qe2 Nd5 8. c4 Nb6 9. Nc3 Ba6 10. b3 0-0-0 11. Bb2 Re8 12. f4 f6 13. Ne4 fxe5 14. fxe5 d5 15. Qg4+ Kb8 16. cxd5 Bxf1 17. Rxf1 cxd5 18. Nd2 Qb4 19. Qxb4 Bxb4 20. Rf7 Rhf8 21. Rxf8 Rxf8 22. 0-0-0 Rf2 23. Nf3 Rxg2 24. Nd4 c5 25. Nc6+ Kc7 26. Nxb4 cxb4 27. Rf1 Kd7 28. Rf7+ Ke6 29. Rxa7 Rg1+ 30. Kc2 Rg2+ 31. Kb1 Rg1+ 32. Kc2 Rg2+ 33. Kb1 Rxh2 34. Ra6 Rh1+ 35. Kc2 Rh2+ 36. Kc1 Rh1+ 37. Kc2 Rh2+ 38. Kc1 Rh1+ 39. Kc2 Rh2+ 40. Kb1 Rh1+ 41. Bc1 Kxe5 42. Rxb6 g5 43. Rxb4 h5 44. Rb8 g4 45. Rg8 Rg1 46. a4 h4 47. a5 h3 48. a6 h2 49. Re8+ Kd4 50. Kb2 Rxc1 51. Kxc1 h1Q+ 52. Kb2 Qh2+ 53. Ka3 Qd6+ 54. Kb2 Qxa6 55. Rg8 Qe2+ 56. Ka3 Qf3 57. Kb4 g3 58. Rh8 g2 0-1

[Event "Titled Tuesday intern op 5th June"]
[Site "Chess.com INT"]
[Date "2018.06.05"]
[Round "9"]
[White "Sardana, Rishi"]
[Black "He, Samuel"]
[Result "1-0"]
[WhiteElo "2407"]
[BlackElo "2321"]
[PlyCount "79"]
[EventDate "2018.06.05"]
[EventType "swiss (blitz)"]
[EventRounds "10"]
[EventCountry "USA"]
[SourceTitle "EXT 2021"]
[Source "ChessBase"]
[SourceDate "2020.10.23"]
[SourceVersion "1"]
[SourceVersionDate "2020.10.23"]
[SourceQuality "1"]

1. e4 e5 2. Nf3 Nc6 3. Bc4 Bc5 4. d3 Nf6 5. c3 d6 6. a4 a6 7. 0-0 Ba7 8. Na3 h6 9. Nc2 Be6 10. Bxe6 fxe6 11. Be3 0-0 12. Bxa7 Rxa7 13. b4 Ne7 14. Ne3 Ng6 15. a5 d5 16. Qc2 c6 17. Rfe1 Nh5 18. d4 exd4 19. Nxd4 Nhf4 20. Rad1 Qg5 21. Kh1 Qf6 22. exd5 cxd5 23. g3 Nh3 24. f4 Raa8 25. Ng4 Qf7 26. Nxe6 Rfe8 27. f5 Ne7 28. Nc7 Nxf5 29. Rxe8+ Rxe8 30. Nxe8 Ne3 31. Nxe3 Qf3+ 32. Qg2 Qxe3 33. Rf1 Ng5 34. Qxd5+ Kh7 35. Nd6 Qe2 36. Qf5+ Kg8 37. Qc8+ Kh7 38. Qf5+ Kg8 39. Qf2 Qe6 40. Nf5 1-0

[Event "Titled Tuesday intern op 1st May"]
[Site "Chess.com INT"]
[Date "2018.05.01"]
[Round "3"]
[White "Nilsen, Joachim Birger"]
[Black "He, Samuel"]
[Result "1/2-1/2"]
[WhiteElo "2405"]
[BlackElo "2373"]
[PlyCount "67"]
[EventDate "2018.05.01"]
[EventType "swiss (blitz)"]
[EventRounds "10"]
[EventCountry "USA"]
[SourceTitle "EXT 2021"]
[Source "ChessBase"]
[SourceDate "2020.10.23"]
[SourceVersion "1"]
[SourceVersionDate "2020.10.23"]
[SourceQuality "1"]

1. c4 e6 2. Nc3 d5 3. e3 Nf6 4. Nf3 Be7 5. b3 0-0 6. Bb2 a6 7. Qc2 Nbd7 8. Be2 b6 9. 0-0-0 c5 10. g4 Bb7 11. Bd3 dxc4 12. Be2 cxb3 13. axb3 Nd5 14. Nxd5 Bxd5 15. g5 b5 16. Rhg1 Qa5 17. e4 Bb7 18. Bc3 Qa3+ 19. Bb2 Qb4 20. d3 c4 21. dxc4 Nc5 22. Nd2 bxc4 23. Bxc4 Rac8 24. Kb1 Rfd8 25. Bc3 Qa3 26. Bb2 Qb4 27. f3 a5 28. Qc3 Qxc3 29. Bxc3 a4 30. Ba5 Rd4 31. Bc3 Rdd8 32. Ba5 Rd4 33. Bc3 Rdd8 34. Ba5 1/2-1/2

[Event "Titled Tuesday intern op 17th April"]
[Site "Chess.com INT"]
[Date "2018.04.17"]
[Round "1"]
[White "He, Samuel"]
[Black "Amin, Bassem"]
[Result "0-1"]
[WhiteElo "2380"]
[BlackElo "2696"]
[PlyCount "30"]
[EventDate "2018.04.17"]
[EventType "swiss (blitz)"]
[EventRounds "10"]
[EventCountry "USA"]
[SourceTitle "EXT 2021"]
[Source "ChessBase"]
[SourceDate "2020.10.23"]
[SourceVersion "1"]
[SourceVersionDate "2020.10.23"]
[SourceQuality "1"]

1. d4 e6 2. Nf3 f5 3. Bf4 Nf6 4. e3 b6 5. h3 Bb7 6. Nbd2 Bd6 7. Bd3 0-0 8. a4 Nc6 9. c3 Qe8 10. Nc4 Bxf4 11. exf4 Ne7 12. Qe2 Ned5 13. g3 Qh5 14. Nfd2 Nxf4 15. gxf4 Bxh1 0-1

[Event "Titled Tuesday intern op 3rd April"]
[Site "Chess.com INT"]
[Date "2018.04.03"]
[Round "6"]
[White "He, Samuel"]
[Black "Mostbauer, Florian"]
[Result "1-0"]
[WhiteElo "2384"]
[BlackElo "2307"]
[PlyCount "141"]
[EventDate "2018.04.03"]
[EventType "swiss (blitz)"]
[EventRounds "10"]
[EventCountry "USA"]
[SourceTitle "EXT 2021"]
[Source "ChessBase"]
[SourceDate "2020.10.23"]
[SourceVersion "1"]
[SourceVersionDate "2020.10.23"]
[SourceQuality "1"]

1. Nf3 d5 2. e3 Nf6 3. c4 c6 4. Nc3 Bg4 5. h3 Bxf3 6. Qxf3 e6 7. b3 Nbd7 8. Bb2 Be7 9. d4 0-0 10. Bd3 a6 11. 0-0 b5 12. Rad1 Qa5 13. e4 dxe4 14. Bxe4 Nxe4 15. Qxe4 Nf6 16. Qe2 Bb4 17. Qc2 Rfd8 18. a3 Bxc3 19. Qxc3 Qxc3 20. Bxc3 Ne4 21. Ba5 Rd7 22. Rfe1 Nf6 23. Re5 Rb8 24. Rc5 bxc4 25. bxc4 Rc8 26. f3 Kf8 27. Kf2 Ke8 28. g4 h6 29. Ke3 Rb7 30. Bb4 Nd7 31. Ra5 Ra8 32. h4 Nb6 33. Rc1 Kd7 34. h5 Nc8 35. d5 cxd5 36. cxd5 Rb5 37. dxe6+ Kxe6 38. Rc6+ Kd5 39. Rcxa6 Rxa5 40. Rxa5+ Rxa5 41. Bxa5 Nd6 42. Bb4 Nc4+ 43. Kf4 Ke6 44. Bf8 Kf6 45. Bc5 g5+ 46. Ke4 Ke6 47. Bf8 f6 48. a4 Kf7 49. Bc5 Ke6 50. Bb4 Nb6 51. a5 Nd5 52. Bd2 Nc7 53. Bb4 Na6 54. Bf8 Kf7 55. Bxh6 Nb8 56. Bxg5 fxg5 57. Kf5 Kg7 58. Kxg5 Na6 59. h6+ Kh7 60. Kh5 Nc5 61. g5 Ne6 62. g6+ Kg8 63. a6 Nc7 64. a7 Kf8 65. f4 Ke7 66. h7 Kd6 67. h8Q Kc6 68. a8Q+ Kc5 69. Qe5+ Kc4 70. Qxc7+ Kd3 71. Qa3+ 1-0

[Event "Titled Tuesday intern op 3rd April"]
[Site "Chess.com INT"]
[Date "2018.04.03"]
[Round "7"]
[White "Kraitsberg, Michael"]
[Black "He, Samuel"]
[Result "0-1"]
[WhiteElo "2145"]
[BlackElo "2390"]
[PlyCount "66"]
[EventDate "2018.04.03"]
[EventType "swiss (blitz)"]
[EventRounds "10"]
[EventCountry "USA"]
[SourceTitle "EXT 2021"]
[Source "ChessBase"]
[SourceDate "2020.10.23"]
[SourceVersion "1"]
[SourceVersionDate "2020.10.23"]
[SourceQuality "1"]

1. c4 e6 2. Nf3 d5 3. g3 Nf6 4. Bg2 Be7 5. 0-0 0-0 6. d4 dxc4 7. Qc2 c6 8. a4 b6 9. Na3 Bb7 10. Nxc4 Nbd7 11. Rd1 Rc8 12. Nfe5 Nd5 13. a5 b5 14. Nxd7 Qxd7 15. Ne5 Qc7 16. e4 Nb4 17. Qb3 c5 18. Bf4 c4 19. Qc3 g5 20. Be3 f5 21. f3 h6 22. Ng6 Rfe8 23. Nxe7+ Qxe7 24. h4 gxh4 25. gxh4 Nd3 26. a6 b4 27. Qd2 Bc6 28. Bxh6 Qxh4 29. Bg5 Qg3 30. b3 fxe4 31. fxe4 Bxe4 32. bxc4 Rxc4 33. Rf1 Rec8 0-1

[Event "Titled Tuesday intern op 17th April"]
[Site "Chess.com INT"]
[Date "2017.11.07"]
[Round "1"]
[White "Wieczorek, Oskar"]
[Black "He, Samuel"]
[Result "1-0"]
[WhiteElo "2454"]
[BlackElo "2187"]
[PlyCount "109"]
[EventDate "2017.04.17"]
[EventType "swiss (blitz)"]
[EventRounds "10"]
[EventCountry "USA"]
[SourceTitle "EXT 2021"]
[Source "ChessBase"]
[SourceDate "2020.10.23"]
[SourceVersion "1"]
[SourceVersionDate "2020.10.23"]
[SourceQuality "1"]

1. e4 c6 2. d4 d5 3. e5 Bf5 4. Nf3 e6 5. Be2 Nd7 6. 0-0 h6 7. a4 a5 8. c3 Ne7 9. Na3 g5 10. Ne1 Qb6 11. Bh5 Bg6 12. Nd3 Bg7 13. f4 gxf4 14. Bxf4 Qa6 15. Bxg6 Nxg6 16. Bg3 0-0 17. Qd2 f6 18. Nf4 Nxf4 19. Bxf4 Kh7 20. exf6 Rxf6 21. Bd6 b5 22. Qd3+ Kh8 23. Rxf6 Nxf6 24. Qg6 Qb7 25. Rf1 Rg8 26. Rxf6 Bxf6 27. Qxf6+ Qg7 28. Qxg7+ Kxg7 29. axb5 cxb5 30. Nxb5 Rd8 31. Be5+ Kg6 32. Kf2 Kf5 33. Ke3 a4 34. h3 h5 35. Kf3 Kg6 36. g4 Rf8+ 37. Kg3 h4+ 38. Kg2 Kg5 39. Bd6 Rh8 40. Nc7 Rh6 41. Be7+ Kf4 42. Bd6+ Ke3 43. g5 Rg6 44. Be7 Kd3 45. Kf3 Rg7 46. Bd8 Rd7 47. Nxe6 Kc2 48. Bf6 Kxb2 49. Nc5 Rf7 50. Nxa4+ Kb3 51. Nb6 Kxc3 52. Nxd5+ Kd3 53. Nf4+ Kc4 54. Kg4 Rf8 55. Kf5 1-0